Central Library OPAC University of Rajshahi

Rolled steel sections : properties and general data / (Record no. 20273)

MARC details
000 -LEADER
fixed length control field 00624nam a22002057a 4500
001 - CONTROL NUMBER
control field 20273
003 - CONTROL NUMBER IDENTIFIER
rucl marc code BD-RjUL
005 - DATE AND TIME OF LATEST TRANSACTION
control field 20211209000537.0
008 - FIXED-LENGTH DATA ELEMENTS--GENERAL INFORMATION
fixed length control field 140227s1959 xxu||||| |||| 00| 0 eng d
035 ## - SYSTEM CONTROL NUMBER
System control number (BD-RjUL)20335
040 ## - CATALOGING SOURCE
Original cataloging agency BD-RjUL
Language of cataloging eng
Transcribing agency BD-RjUL
041 ## - LANGUAGE CODE
Language code of text/sound track or separate title eng
082 04 - DEWEY DECIMAL CLASSIFICATION NUMBER
Edition number 19
Classification number 624.18210202
Author mark and year ROL 1959
110 2# - MAIN ENTRY--CORPORATE NAME
Corporate name or jurisdiction name as entry element Broken Hill Proprietary Company.
9 (RLIN) 62479
245 0# - TITLE STATEMENT
Title Rolled steel sections : properties and general data /
260 ## - PUBLICATION, DISTRIBUTION, ETC. (IMPRINT)
Place of publication, distribution, etc. Melbourne :
Name of publisher, distributor, etc. Broken Hill Proprietary Co.,
Date of publication, distribution, etc. 1959
300 ## - PHYSICAL DESCRIPTION
Pagination 103 p. :
Illustrations ill. ;
Size 23 cm.
650 #0 - SUBJECT ADDED ENTRY--TOPICAL TERM
Topical term or geographic name as entry element Steel, Structural -- Tables.
9 (RLIN) 62478
942 ## - ADDED ENTRY ELEMENTS (KOHA)
Source of classification or shelving scheme Dewey Decimal Classification
Koha item type Books
Holdings
Lost status Source of classification or shelving scheme Damaged status Not for loan Collection code Permanent Location Current Location Shelving location Date acquired Source of acquisition Total Checkouts Full call number Date last seen Copy number Koha item type
  Dewey Decimal Classification   Not For Loan Non-fiction Central Library, University of Rajshahi Central Library, University of Rajshahi Reading Room 13/08/1976 Gift   624.18210202 ROL 1959 27/02/2014 C-1 Books